| 000 | 01170cam a22003133a 4500 | ||
|---|---|---|---|
| 001 | 887 | ||
| 003 | PGUSA | ||
| 005 | 20140828082954.0 | ||
| 008 | 970401s1997||||xxu|||||s|||||000 | eng d | ||
| 040 |
_aPGUSA _beng |
||
| 042 | _adc | ||
| 050 | 4 | _aPR | |
| 100 | 1 |
_aWilde, Oscar, _d1854-1900 |
|
| 245 | 1 | 0 |
_aIntentions _h[electronic resource] / _cOscar Wilde |
| 260 |
_bProject Gutenberg, _c1997 |
||
| 505 | 0 | _aThe decay of lying -- Pen, pencil, and poison -- The critic as artist: with some remarks upon the importance of doing nothing -- The critic as artist: with some remarks upon the importance of discussing everything -- The truth of masks. | |
| 506 | _aPublic domain in the USA. | ||
| 516 | _aElectronic text | ||
| 653 | _aAuthorship | ||
| 653 | _aArt critics -- Great Britain -- Biography | ||
| 653 | _aWainewright, Thomas Griffiths, 1794-1847 | ||
| 653 | _aEnglish drama | ||
| 653 | _aPoisoners -- Great Britain -- Biography | ||
| 653 | _aAuthors, English -- 19th century -- Drama | ||
| 653 | _aAuthors, English -- 19th century -- Biography | ||
| 830 | 0 |
_aProject Gutenberg _v887 |
|
| 856 | 4 | 0 | _uhttp://www.gutenberg.org/ebooks/887 |
| 942 | _cEB | ||
| 999 |
_c230238 _d230238 |
||